Jawaharlal Nehru : (Record no. 130901)

MARC details
000 -LEADER
fixed length control field 00713nam a22002297a 4500
005 - DATE AND TIME OF LATEST TRANSACTION
control field 20170124110119.0
010 ## - LIBRARY OF CONGRESS CONTROL NUMBER
LC control number A-370508
020 ## - INTERNATIONAL STANDARD BOOK NUMBER
Terms of availability 00.00
035 ## - SYSTEM CONTROL NUMBER
System control number A-370508
037 ## - SOURCE OF ACQUISITION
Source of stock number/acquisition Cen Lib/Ret
040 ## - CATALOGING SOURCE
Original cataloging agency DPL
Language of cataloging EN
082 ## - DEWEY DECIMAL CLASSIFICATION NUMBER
Classification number 921
Item number NEH
100 ## - MAIN ENTRY--PERSONAL NAME
Personal name Nehru, Jawaharlal
9 (RLIN) 30379
245 ## - TITLE STATEMENT
Title Jawaharlal Nehru :
Statement of responsibility, etc by Jawaharlal Nehru
Remainder of title an autobiography /
260 ## - PUBLICATION, DISTRIBUTION, ETC. (IMPRINT)
Place of publication, distribution, etc New Delhi
Name of publisher, distributor, etc Jawaharlal Nehru Memorial Fund
Date of publication, distribution, etc 1988
270 ## - ADDRESS
Address Teen, Murti House
City New Delhi
Postal code 110001
300 ## - PHYSICAL DESCRIPTION
Extent xvi,623p.
Dimensions 20cm(Hb)
500 ## - GENERAL NOTE
General note Includes index
650 ## - SUBJECT ADDED ENTRY--TOPICAL TERM
Topical term or geographic name as entry element India -- Politics and government -- 1919-1947
9 (RLIN) 104404
650 ## - SUBJECT ADDED ENTRY--TOPICAL TERM
Topical term or geographic name as entry element Politics and government
9 (RLIN) 104405
942 ## - ADDED ENTRY ELEMENTS (KOHA)
Source of classification or shelving scheme Dewey Decimal Classification
Koha item type English Books
Classification part 921
Call number suffix NEH
Holdings
Withdrawn status Lost status Damaged status Not for loan Home library Current library Date acquired Source of acquisition Cost, normal purchase price Total Checkouts Total Renewals Full call number Barcode Date last seen Date checked out Copy number Cost, replacement price Price effective from Koha item type
        Central Library Central Library 10/07/2015 Cen Lib/Ret 0.00 4 4 921 NEH A-370508 25/03/2022 03/02/2022 1 0.00 10/07/2015 English Books

© Delhi Public Library
Hit Counter
free hit counter